Регионална библиотека "Любен Каравелов" - Русе

[Осем] 8 секунди от смъртта (Запис номер 87971)

MARC детайли
000 -Лидер
Контролно поле с фиксирана дължина 01157nam a2200313 c 4500
003 - Код на организацията, давaща контролен номер
Контролно поле BLK
005 - Дата и час на последна редакция
Контролно поле 20230824104316.0
008 - Елементи от данни с фиксирана дължина
fixed length control field 180408b bul|||||r ||||||| ||bul||
010 ## - Наследен системен номер
LC control number KNG00092626000
020 ## - Международен стандартен номер на книга ISBN
Международен стандартен номер на книга ISBN 978-954-28-0375-1
-- издат.: Сиела Софт енд Паблишинг
040 ## - Източник на каталожния запис
Идентификатор на билиотеката - собственик на записа BLK
041 ## - Код за език
Код за езика на текст/звукозапис или на отделно заглавие Български
Код за езика КДБФ Български
080 ## - УДК
Текстов определител УДК Българска литература
УДК код - определител по УДК 821.163.2
УДК определител -054.7-31
УДК - код + определител 821.163.2-054.7-31
100 1# - Редна дума - Автор
Автор Гоневски, Павел
Авторска отговорност първи автор
R(LIN) 373214
139 ## - Редно поле
Редна дума Гоневски, Павел
Авторски знак Гом - Г 64
245 10 - Сведения за заглавието
Заглавие [Осем] 8 секунди от смъртта
Редно поле (дума) Павел Гоневски.
257 ## - Страна на издаване
Страна на създаване/издаване България
260 ## - Област на издателските данни
-- София
Име на издателя, разпространителя и проч. Сиела Софт енд Паблишинг
Година на издаване 2008
Печатница Костинброд : Мултипринт
300 ## - Физическа характеристика
Страници 307 с.
Размери/Мащаб 21 см
380 ## - Жанр
Жанр Худож. лит.
500 ## - Общи забележки
Забележка Съдържа и за авт.
653 ## - Ключова дума – ненормативна
Ключова дума романи
852 ## - Местоположение
Форматна сигнатура Цб 245984
856 4# - Електронен адрес и достъп
Електронен формат pdf - файл
Път до файла /url/
856 4# - Електронен адрес и достъп
Електронен формат pdf - файл
Път до файла /url/
942 ## - АРТИКУЛИ
Вид на библиотечния материал Книги
Скрит в OPAC Не
Koha issues (borrowed), all copies 3
944 ## - СЪЗДАВАНЕ И РЕДАКЦИЯ на ЗАПИСА
Създаване/Редакция Създаване
Дата на регистрацията/редакция 16.11.2009
Статус, дата на статуса Цветомила Тодорова
Служител, извършил регистрацията/редакцията 30576
944 ## - СЪЗДАВАНЕ И РЕДАКЦИЯ на ЗАПИСА
Създаване/Редакция Редакция
Дата на регистрацията/редакция 22.03.2016
Статус, дата на статуса ф /
Служител, извършил регистрацията/редакцията Людмила_Стоянова
999 ## - СИСТЕМНИ КОНТРОЛНИ НОМЕРА
Koha biblionumber 87971
Koha biblioitemnumber 87971
Наличности
Код за отписване Код за изгубен артикул Код за повреда Коз за рестрикции Код за отдаване Артикулен № Име на библиотеката - собственик Име на библиотеката, в която се намира в момента Статус (Текущо местоположение) Дата на вписване в системата Местоположение - отдел Цена в лева Инвентарен номер Систематично азбучна сигнатура Баркод Номер на екземпляра Цена в евро Служебна бележка Служебен тип на артикула Източник на класификационната схема
  Не е изгубен Не е повреден без рестрикции ползва се в читалня 142424 Регионална библиотека "Любен Каравелов" Русе Регионална библиотека "Любен Каравелов" Русе Хранилище 2009-11-16 Хранилище 13.00 120000739766 Цб 245984 120000739766 1 6.65 Дост: Dp Вид: Д N: 21 Дата: 13.05.2009 Книги  
  Не е изгубен Не е повреден без рестрикции заемане за дома 142425 Регионална библиотека "Любен Каравелов" Русе Регионална библиотека "Любен Каравелов" Русе Заемна - подръчен фонд 2016-03-22 Заемна - подръчен фонд 13.00 120000799077 П 821.163.2-31/Г 64 120000799077 2 6.65 Дост: DA Вид: А N: 11 Дата: 22.03.2016 Дата инв: 14.02.2018 Бележки инв: П2018 Книги Universal Decimal Classification
Vip Innovations Ltd, Rousse, Bulgaria 2025